Časové rozlíšenie nákladov a výnosov v sústave podvojného účtovníctva

Zákon č. 431/2002 Z. z., príklady z praxe. Podrobnosti o postupoch účtovania a rámcovej účtovej osnove pre podnikateľov.

Enregistré dans:
Détails bibliographiques
Auteur principal: Paliderová, Martina
Format: Chapitre de livre
Langue:slovaque
Sujets:
Tags: Ajouter un tag
Pas de tags, Soyez le premier à ajouter un tag!

MARC

LEADER 00000naa a2200000 4500
001 0240460
005 20221104111055.8
041 0 |a slo 
044 |a SK 
245 1 0 |a Časové rozlíšenie nákladov a výnosov v sústave podvojného účtovníctva  |c Martina Paliderová 
520 |a Zákon č. 431/2002 Z. z., príklady z praxe. Podrobnosti o postupoch účtovania a rámcovej účtovej osnove pre podnikateľov. 
610 2 0 |a účtovníctvo podvojné 
610 2 0 |a rozlíšenie časové 
610 2 0 |a náklady 
610 2 0 |a výnosy 
100 1 |a Paliderová, Martina